The role of the small-dense LDL-C/large-buoyant LDL-C ratio as an independent risk factor in patients with type 2 diabetes mellitus and metabolic syndrome (notice n° 1922998)
[ vue normale ]
| 000 -LEADER | |
|---|---|
| fixed length control field | 02665cam a2200349 4500500 |
| 005 - DATE AND TIME OF LATEST TRANSACTION | |
| control field | 20260329022835.0 |
| 041 ## - LANGUAGE CODE | |
| Language code of text/sound track or separate title | fre |
| 042 ## - AUTHENTICATION CODE | |
| Authentication code | dc |
| 100 10 - MAIN ENTRY--PERSONAL NAME | |
| Personal name | Wang, Cui |
| Relator term | author |
| 245 00 - TITLE STATEMENT | |
| Title | The role of the small-dense LDL-C/large-buoyant LDL-C ratio as an independent risk factor in patients with type 2 diabetes mellitus and metabolic syndrome |
| 260 ## - PUBLICATION, DISTRIBUTION, ETC. | |
| Date of publication, distribution, etc. | 2024.<br/> |
| 500 ## - GENERAL NOTE | |
| General note | 18 |
| 520 ## - SUMMARY, ETC. | |
| Summary, etc. | Background Dyslipidemia plays a key role in metabolic syndrome (MS), intricately linked to type 2 diabetes mellitus (T2DM). Objective This study aimed to investigate the differences in low-density lipoprotein cholesterol (LDL-C) subfraction levels between T2DM and T2DM with MS, and identify the risk factors associated with the disease. Methods A total of 246 individuals diagnosed with T2DM (including 144 T2DM patients with MS) and 147 healthy subjects were recruited. All participants underwent a comprehensive clinical evaluation. Lipoprotein subfraction analysis was performed using the Lipoprint LDL system. Results Multivariate logistic regression analysis revealed that several lipid markers, including triglyceride (TG), LDL-C, large-buoyant LDL-C (lbLDL-C), small-dense LDL-C (sdLDL-C), LDLC2-5, and the sdLDL-C/lbLDL-C ratio, were identified as independent risk factors for T2DM. Additionally, TG, sdLDL-C, LDLC-4, LDLC-5, and the sdLDL-C/lbLDL-C ratio were found to be independent risk factors for T2DM with MS. Furthermore, the results of the receiver operating characteristic (ROC) curves demonstrated that sdLDL-C, LDLC-4, LDLC-3, and the sdLDL-C/lbLDL-C ratio exhibited excellent predictive performance for the risk of T2DM (AUC > 0.9). Conclusion The sdLDL-C/lbLDL-C ratio emerges as a shared independent risk factor for T2DM and MS complications. Furthermore, the sdLDL-C/lbLDL-C ratio, along with LDL-4 and LDL-3, exhibits noteworthy predictive capabilities for T2DM. |
| 700 10 - ADDED ENTRY--PERSONAL NAME | |
| Personal name | Li, Yaoze |
| Relator term | author |
| 700 10 - ADDED ENTRY--PERSONAL NAME | |
| Personal name | Lin, Hao |
| Relator term | author |
| 700 10 - ADDED ENTRY--PERSONAL NAME | |
| Personal name | Zhu, Yulin |
| Relator term | author |
| 700 10 - ADDED ENTRY--PERSONAL NAME | |
| Personal name | Xu, Xiangdong |
| Relator term | author |
| 700 10 - ADDED ENTRY--PERSONAL NAME | |
| Personal name | Wu, PingPing |
| Relator term | author |
| 700 10 - ADDED ENTRY--PERSONAL NAME | |
| Personal name | Zhang, Yali |
| Relator term | author |
| 700 10 - ADDED ENTRY--PERSONAL NAME | |
| Personal name | Xu, Ting |
| Relator term | author |
| 700 10 - ADDED ENTRY--PERSONAL NAME | |
| Personal name | Ren, Jian |
| Relator term | author |
| 700 10 - ADDED ENTRY--PERSONAL NAME | |
| Personal name | Xu, Haibo |
| Relator term | author |
| 700 10 - ADDED ENTRY--PERSONAL NAME | |
| Personal name | Dong, Guoyu |
| Relator term | author |
| 700 10 - ADDED ENTRY--PERSONAL NAME | |
| Personal name | Xu, Yue |
| Relator term | author |
| 700 10 - ADDED ENTRY--PERSONAL NAME | |
| Personal name | Jiang, Huihui |
| Relator term | author |
| 700 10 - ADDED ENTRY--PERSONAL NAME | |
| Personal name | Zhao, Jiangman |
| Relator term | author |
| 700 10 - ADDED ENTRY--PERSONAL NAME | |
| Personal name | Zhai, Yufeng |
| Relator term | author |
| 700 10 - ADDED ENTRY--PERSONAL NAME | |
| Personal name | Peng, Pei |
| Relator term | author |
| 700 10 - ADDED ENTRY--PERSONAL NAME | |
| Personal name | Zai, Guotian |
| Relator term | author |
| 786 0# - DATA SOURCE ENTRY | |
| Note | Annales de Biologie Clinique | 82 | 2 | 2024-03-01 | p. 174-186 | 0003-3898 |
| 856 41 - ELECTRONIC LOCATION AND ACCESS | |
| Uniform Resource Identifier | <a href="https://stm.cairn.info/journal-annales-de-biologie-clinique-2024-2-page-174?lang=en&redirect-ssocas=7080">https://stm.cairn.info/journal-annales-de-biologie-clinique-2024-2-page-174?lang=en&redirect-ssocas=7080</a> |
Pas d'exemplaire disponible.




Réseaux sociaux